Name Vincenzo Bellini’s Operas - Statistics

General Stats
  • This quiz has been taken 66 times
  • The average score is 5 of 11
Answer Stats
Premiered Answer % Correct
1831 Norma
100%
1835 I puritani
63%
1831 La sonnambula
63%
1827 Il pirata
56%
1830 I Capuleti e i Montecchi
41%
1833 Beatrice di Tenda
37%
1828 Bianca e Fernando
37%
1826 Bianca e Gernando
37%
1829 La straniera
33%
1825 Adelson e Salvini
26%
1829 Zaira
26%
No matching quizzes found
Score Distribution
Percent of People with Each Score
Percentile by Number Answered
Your Score History
You have not taken this quiz